Bernabeu, Bermulanya Cinta / (Record no. 183925)

MARC details
000 -LEADER
fixed length control field 00772nam a2200241 i 4500
003 - CONTROL NUMBER IDENTIFIER
control field OSt
005 - DATE AND TIME OF LATEST TRANSACTION
control field 20210512081945.0
008 - FIXED-LENGTH DATA ELEMENTS--GENERAL INFORMATION
fixed length control field 210511s2021 my g 000 f may d
020 ## - INTERNATIONAL STANDARD BOOK NUMBER
International Standard Book Number 9789672300366
Terms of availability RM28.00
Qualifying information paperback
040 ## - CATALOGING SOURCE
Original cataloging agency PPAK
Language of cataloging eng
Transcribing agency PPAK
Description conventions rda
082 04 - DEWEY DECIMAL CLASSIFICATION NUMBER
Edition number 23
Classification number 899.2333
090 00 - LOCALLY ASSIGNED LC-TYPE CALL NUMBER (OCLC); LOCAL CALL NUMBER (RLIN)
Classification number (OCLC) (R) ; Classification number, CALL (RLIN) (NR) 899.2333
Feature heading EYY
Feature heading G
100 0# - MAIN ENTRY--PERSONAL NAME
Personal name Eyyma Madyusa,
Relator term author.
245 10 - TITLE STATEMENT
Title Bernabeu, Bermulanya Cinta /
Statement of responsibility, etc. Eyyma Madyusa ; Editor : Jabatan Editorial Suara Hati
264 #1 - PRODUCTION, PUBLICATION, DISTRIBUTION, MANUFACTURE, AND COPYRIGHT NOTICE
Place of production, publication, distribution, manufacture Jalan Ampang, Kuala Lumpur :
Name of producer, publisher, distributor, manufacturer Suara Hati Publication,
Date of production, publication, distribution, manufacture, or copyright notice 2021
300 ## - PHYSICAL DESCRIPTION
Extent ii, 692 pages :
Dimensions 18 cm
336 ## - CONTENT TYPE
Source rdacontent
Content type term text
337 ## - MEDIA TYPE
Source rdamedia
Media type term unmediated
338 ## - CARRIER TYPE
Source rdacarrier
Carrier type term volume
650 10 - SUBJECT ADDED ENTRY--TOPICAL TERM
Topical term or geographic name entry element Malay fiction
710 2# - ADDED ENTRY--CORPORATE NAME
Corporate name or jurisdiction name as entry element Jabatan Editorial Suara Hati,
Relator term editor.
942 ## - ADDED ENTRY ELEMENTS (KOHA)
Source of classification or shelving scheme Dewey Decimal Classification
Koha item type Book
Holdings
Withdrawn Not for loan Current library Shelving location Date acquired Total Checkouts Total Renewals Full call number Barcode Date last seen Date last checked out Koha item type
    Perpustakaan Alor Setar Pinjaman Dewasa 14/06/2021 5 3 899.2333 EYY A01691489 27/02/2025 10/02/2025 Book
    Perpustakaan Alor Setar Pinjaman Dewasa 14/06/2021 8 1 899.2333 EYY A01691490 24/07/2023 03/07/2023 Book
    Perpustakaan Awam Sungai Petani Pinjaman Dewasa 14/06/2021 5 1 899.2333 EYY A01691491 10/09/2023 19/08/2023 Book
    Perpustakaan Baling Pinjaman Dewasa 14/06/2021 11 4 899.2333 EYY A01691495 15/12/2024 04/12/2024 Book
    Perpustakaan Bandar Baharu Pinjaman Dewasa 14/06/2021 2   899.2333 EYY A01691496 24/10/2024 09/10/2024 Book
    Perpustakaan Jitra Pinjaman Dewasa 14/06/2021 1   899.2333 EYY A01691492 05/02/2022 25/01/2022 Book
    Perpustakaan Kuala Nerang Pinjaman Dewasa 14/06/2021 4 2 899.2333 EYY A01691500 13/01/2025 04/12/2024 Book
    Perpustakaan Kulim Pinjaman Dewasa 14/06/2021 7 1 899.2333 EYY A01691494 19/01/2025 08/01/2025 Book
    Perpustakaan Langkawi Pinjaman Dewasa 14/06/2021 3 1 899.2333 EYY A01691493 17/05/2023 02/05/2023 Book
    Perpustakaan Merbok Pinjaman Dewasa 14/06/2021 1   899.2333 EYY A01691497 31/01/2023 25/01/2023 Book
    Perpustakaan Sik Pinjaman Dewasa 14/06/2021 6 1 899.2333 EYY A01691499 21/03/2024 29/01/2024 Book
    Perpustakaan Yan Pinjaman Dewasa 14/06/2021 3   899.2333 EYY A01691498 17/05/2022 09/05/2022 Book
    T-PD26, Kg. Lubuk Batu, Jitra Pinjaman Dewasa 17/12/2024     899.2333 EYY A01691502 14/06/2021   Book